Southville International School and Colleges
Your cart is empty.
  • Cart
  • Lists
    Public lists Eva Luna New books Lux_list list_1
    Your lists Log in to create your own lists
  • Log in to your account
  • Your cookies
  • Search history
Southville International School and Colleges
  • Advanced search
  • Recent comments
  • Most popular
  • Libraries

Log in to your account

Log in with GOOGLE


If you do not have an external account, but do have a local account, you can still log in:

  1. Home
  2. MARC view: The world of physics /
Normal view MARC view ISBD view

The world of physics / (Record no. 48493)

[ view plain ]
MARC details
000 -LEADER
fixed length control field 00545nam a2200193Ia 4500
003 - CONTROL NUMBER IDENTIFIER
control field PILC
005 - DATE AND TIME OF LATEST TRANSACTION
control field 20150907144143.0
008 - FIXED-LENGTH DATA ELEMENTS--GENERAL INFORMATION
fixed length control field 140321s9999 xx 000 0 und d
020 ## - INTERNATIONAL STANDARD BOOK NUMBER
International Standard Book Number 9789814369701
050 ## - LIBRARY OF CONGRESS CALL NUMBER
Classification number QC 23
Item number .Os85 2012
100 ## - MAIN ENTRY--PERSONAL NAME
Personal name Ostdiek, Vern J.
245 #4 - TITLE STATEMENT
Title The world of physics /
Statement of responsibility, etc Vern J. Ostdiek and Donald J. Bord.
260 ## - PUBLICATION, DISTRIBUTION, ETC. (IMPRINT)
Place of publication, distribution, etc Philippines :
Name of publisher, distributor, etc Cengage Learning,
Date of publication, distribution, etc 2012.
300 ## - PHYSICAL DESCRIPTION
Extent 534 pages :
Other physical details illustrations ;
Dimensions 28 cm.
500 ## - GENERAL NOTE
General note Includes index.
650 ## - SUBJECT ADDED ENTRY--TOPICAL TERM
Topical term or geographic name as entry element Physics.
942 ## - ADDED ENTRY ELEMENTS (KOHA)
Call number prefix Local
Koha item type Books
Source of classification or shelving scheme Library of Congress Classification
Holdings
Withdrawn status Lost status Damaged status Home library Current library Shelving location Date acquired Total Checkouts Full call number Barcode Date last seen Price effective from Koha item type Source of classification or shelving scheme Source of acquisition Sub Shelving location
      College Library College Library Reserve Section 03/21/2014   QC 23 .Os85 2012 C17776 05/15/2018 03/21/2014 Books      
      College Library College Library Reserve Section 09/07/2015   QC 23 .Os85 2012 C19956 05/15/2018 09/07/2015 Books Library of Congress Classification Donation  

The world of physics /

APA

Ostdiek V. J., . (2012). The world of physics. Philippines: Cengage Learning.

Chicago

Ostdiek Vern J, . 2012. The world of physics. Philippines: Cengage Learning.

Harvard

Ostdiek V. J., . (2012). The world of physics. Philippines: Cengage Learning.

MLA

Ostdiek Vern J, . The world of physics. Philippines: Cengage Learning. 2012.

  • Place hold
  • Print
  • Cite
  • Add to your cart (remove)
  • Save record
    BIBTEX Dublin Core MARCXML MARC (non-Unicode/MARC-8) MARC (Unicode/UTF-8) MARC (Unicode/UTF-8, Standard) MODS (XML) RIS
  • More searches
    Search for this title in:
    Other Libraries (WorldCat) Other Databases (Google Scholar) Online Stores (Bookfinder.com) Open Library (openlibrary.org)

Exporting to Dublin Core...

SOUTHVILLE LIBRARY

Southville International School and Colleges Library

1281 Tropical Ave. Cor. Luxembourg St., BF Homes International, Las Pinas City

Tel. No. 8256374 / 252358 Loc. 117/146

Powered by Koha